FINANCIAL FITNESS FOREVER (Record no. 38210)
[ view plain ]
| 000 -LEADER | |
|---|---|
| fixed length control field | 00304nam a22001337a 4500 |
| 008 - FIXED-LENGTH DATA ELEMENTS--GENERAL INFORMATION | |
| fixed length control field | 171108b xxu||||| |||| 00| 0 eng d |
| 020 ## - INTERNATIONAL STANDARD BOOK NUMBER | |
| International Standard Book Number | 9780071786980 |
| 041 ## - LANGUAGE CODE | |
| Language code of text/sound track or separate title | eng |
| 080 ## - UNIVERSAL DECIMAL CLASSIFICATION NUMBER | |
| Universal Decimal Classification number | 330.322 |
| 100 ## - Rafti | |
| Rafti | 64 |
| 101 ## - Shkurtesa | |
| Shkurtesa | INV |
| 245 ## - TITLE STATEMENT | |
| Title | FINANCIAL FITNESS FOREVER |
| Statement of responsibility, etc | MERRIMAN,P,A |
| 942 ## - ADDED ENTRY ELEMENTS (KOHA) | |
| Source of classification or shelving scheme | |
| Item type | Books |
| Withdrawn status | Lost status | Source of classification or shelving scheme | Damaged status | Not for loan | Collection code | Permanent location | Current location | Shelving location | Date acquired | Total Checkouts | Full call number | Barcode | Date last seen | Price effective from | Koha item type |
|---|---|---|---|---|---|---|---|---|---|---|---|---|---|---|---|
| Koleksioni i përgjithshem | UBT - Lipjan | UBT - Lipjan | Koleksioni i përgjithshem | 11/08/2017 | 330.322 MER | 002-2937766 | 11/08/2017 | 11/08/2017 | Books | ||||||
| Koleksioni i përgjithshem | UBT - Lipjan | UBT - Lipjan | Koleksioni i përgjithshem | 11/08/2017 | 330.322 MER | 002-2937771 | 11/08/2017 | 11/08/2017 | Books | ||||||
| Koleksioni i përgjithshem | UBT - Lipjan | UBT - Lipjan | Koleksioni i përgjithshem | 11/08/2017 | 330.322 MER | 002-2937776 | 11/08/2017 | 11/08/2017 | Books | ||||||
| Koleksioni i përgjithshem | UBT - Lipjan | UBT - Lipjan | Koleksioni i përgjithshem | 11/08/2017 | 330.322 MER | 002-2937781 | 11/08/2017 | 11/08/2017 | Books | ||||||
| Koleksioni i përgjithshem | UBT - Lipjan | UBT - Lipjan | Koleksioni i përgjithshem | 11/08/2017 | 330.322 MER | 002-2937786 | 11/08/2017 | 11/08/2017 | Books | ||||||
| Koleksioni i përgjithshem | UBT - Lipjan | UBT - Lipjan | Koleksioni i përgjithshem | 11/08/2017 | 330.322 MER | 002-2937791 | 11/08/2017 | 11/08/2017 | Books |